000 00954nam a2200241Ia 4500
999 _c49573
_d49573
001 16505
003 GE_BSU
005 20250123112527.0
008 181216s1983||||ge |||||||||||||| ||geo||
040 _cGE_BSU
041 _ageo
080 _a821.353.1–32 ს-92
100 _aსულაკაური, არჩილ
_95579
245 _aერთტომეული :
_b მოთხრობები /
_cრედ. : ლ. ბრეგვაძე ; მხატვ. : ნ. ჭიაურღული.
264 _aთბილისი :
_bსაბჭოთა საქართველო,
_c1983.
300 _a730 გვ. ;
_c22სმ.
541 _h5ლ.
653 _aერთტომეული
653 _aმოთხრობები
700 _aბრეგვაძე, ლ.
_eრედაქტორი
_95498
700 _aჭიაურღული, ნ.
_eმხატვარი
_924095
942 _cBK
_2udc